Geografía
Uloženo v:
| Hlavní autoři: | , |
|---|---|
| Médium: | Kniha |
| Jazyk: | španělština |
| Vydáno: |
Santiago
Santillana
2007
|
| Vydání: | 1a. ed |
| Edice: | Manual Esencial
|
| Témata: | |
| Tagy: |
Přidat tag
Žádné tagy, Buďte první, kdo vytvoří štítek k tomuto záznamu!
|
MARC
| LEADER | 00000cam a2200000 a 4500 | ||
|---|---|---|---|
| 001 | UCD9117 | ||
| 003 | CL-VaPUC | ||
| 008 | 170602e20070000cl |||||||||||||||||spa|d | ||
| 020 | |a 9789561517691 | ||
| 082 | 0 | 4 | |a 372.891 |b CON |2 21 |
| 100 | 0 | |a Contreras Gatica, Yasna del Carmen |e author |9 592812 | |
| 700 | 0 | |a Fuentes Arce, Luis Alejandro |e author |9 592813 | |
| 245 | 1 | 0 | |a Geografía |
| 250 | |a 1a. ed | ||
| 300 | |a 344 p | ||
| 942 | |c BK | ||
| 945 | |d 20170602 23:29:00 |a arojas | ||
| 260 | |a Santiago |b Santillana |c 2007 | ||
| 650 | 0 | |a Geografía |9 259346 | |
| 650 | 0 | |a Recursos naturales |9 255232 | |
| 583 | |a last modification |c 20170602 23:29:00 |k Rodrigo Vera | ||
| 490 | 0 | |a Manual Esencial | |
| 999 | |c 368400 |d 368398 | ||